Statystyki dla Kapitan Ameryka:Pierwsze Starcie-Marvel Quiz

Kliknij tutaj aby rozwiązać quiz!

Ogólne statystyki

  • Ten quiz został rozwiązany 22 razy
  • Średni wynik to 3 z 12

Statystyki odpowiedzi

PytanieOdpowiedź% Poprawnych
Kto był przeciwnikiem Kapitana AmerykiRed Skull
82%
Jak ma na imię Kapitan AmerykaSteve Rogers
76%
Jak nazywał się ten surowiecTesserakt
59%
Kim była kochanka Kapitana AmerykiAgentka Carter
24%
Kto odnalazł Tesserakt?Howard Stark
18%
Z czego była wykonana tarcza Kapitana Ameryki?Z Wibranium
18%
Gdzie poleciał wyżej wymieniony bohater, aby zdobyć cenny pozaziemski surowiecDo Norwegii
6%
Jak nazywał się antagonistaJohann Schmidt
6%
Co stało się z
antagonistą podczas walki z Kapitanem Ameryką?
Antagonista dotknął Tesserakt
0%
Co wydarzyło się w końcówce filmu?Kapitan Ameryka obudził się 70 lat później w Nowym Jorku
0%
Jak zareagował Kapitan Ameryka, gdy pułkownik rzucił w stronę żołnierzy atrapę granatu?Przykrył granat swoim ciałem
0%
Gdzie znajdował się obóz HYDRY, z którego Steve chciał uratować jeńców wojennych?W Austrii
0%

Rozkład punktacji

Percentyl według liczby udzielonych odpowiedzi

Procent ludzi z każdym wynikiem

Twoja historia wyników

Nie rozwiązałeś tego quizu